书目信息 |
| 题名: |
情趣布艺手工DIY
|
|
| 作者: | 杨帆 著 | |
| 分册: | ||
| 出版信息: | 沈阳 辽宁教育出版社 2009.07 |
|
| 页数: | 155页 | |
| 开本: | 22cm | |
| 丛书名: | ||
| 单 册: | ||
| 中图分类: | TS973.5 | |
| 科图分类: | ||
| 主题词: | 布料--手工艺品--制作 | |
| 电子资源: | ||
| ISBN: | 978-7-5382-8263-4 | |
| 000 | 00910nam0 2200241 450 | |
| 001 | 012010610553 | |
| 005 | 20100617121122.50 | |
| 009 | 012004369905 | |
| 010 | @a978-7-5382-8263-4@dCNY28.80 | |
| 100 | @a20100515d2009 em y0chiy0110 ea | |
| 101 | 0 | @achi |
| 102 | @aCN@b210000 | |
| 105 | @aa z 000yy | |
| 200 | 1 | @a情趣布艺手工DIY@Aqing qu bu yi shou gong DIY@f杨帆著 |
| 210 | @a沈阳@c辽宁教育出版社@d2009.07 | |
| 215 | @a155页@c图@d22cm | |
| 300 | @a巧手出品 | |
| 330 | @a《情趣布艺手工DIY》以实物图片为主,详细教读者怎么制作可爱的各种布偶玩意儿。精美图片分解每个步骤,超详细耐心的详细制作方法,让读者5分钟就轻松上手。除了方便好学,《情趣布艺手工DIY》迎合了当下的DIY布艺手工热。每个作品配有作者的心得感言,提出“布艺会让人温暖平静”这样让人感动的主题。 | |
| 606 | 0 | @a布料@x手工艺品@x制作 |
| 690 | @aTS973.5@v4 | |
| 701 | 0 | @a杨帆@Ayang fan@4著 |
| 801 | 0 | @aCN@c20100515 |
| 905 | @dTS973.5@eY175@f3 | |
| 情趣布艺手工DIY/杨帆著.-沈阳:辽宁教育出版社,2009.07 |
| 155页:图;22cm |
| 巧手出品 |
| ISBN 978-7-5382-8263-4:CNY28.80 |
| 《情趣布艺手工DIY》以实物图片为主,详细教读者怎么制作可爱的各种布偶玩意儿。精美图片分解每个步骤,超详细耐心的详细制作方法,让读者5分钟就轻松上手。除了方便好学,《情趣布艺手工DIY》迎合了当下的DIY布艺手工热。每个作品配有作者的心得感言,提出“布艺会让人温暖平静”这样让人感动的主题。 |
| ● |
| 相关链接 |
|
|
|
正题名:情趣布艺手工DIY
索取号:TS973.5/Y175
 
预约/预借
| 序号 | 登录号 | 条形码 | 馆藏地/架位号 | 状态 | 备注 |
| 1 | 987883 | 209878836 | 自科库501/501自科库 75排1列5层/ [索取号:TS973.5/Y175] | 在馆 | |
| 2 | 987884 | 209878845 | 自科库501/501自科库 75排1列5层/ [索取号:TS973.5/Y175] | 在馆 | |
| 3 | 987885 | 209878854 | 自科库501/501自科库 75排1列5层/ [索取号:TS973.5/Y175] | 在馆 |